| 000 | 01203cam a2200349 a 4500 | ||
|---|---|---|---|
| 001 | 16291190 | ||
| 003 | NUST | ||
| 005 | 20220516141923.0 | ||
| 008 | 100618s2007 iaua b 001 0 eng d | ||
| 010 | _a 2010279824 | ||
| 020 | _a9780757545467 | ||
| 020 | _a0757545467 | ||
| 035 | _a(OCoLC)ocn176898057 | ||
| 038 | _aArshad | ||
| 040 |
_aBTCTA _cBTCTA _dBAKER _dERE _dDLC |
||
| 042 | _alccopycat | ||
| 050 | 0 | 0 |
_aLB1027.23 _b.B69 2007 |
| 082 |
_a378.3 _bBOW |
||
| 100 | 1 |
_aBowen, Glenn A. _96708 |
|
| 245 | 1 | 0 |
_aReflection methods and activities for service learning : _ba student manual and workbook / _cGlenn A. Bowen. |
| 260 |
_a[Dubuque, Iowa] : _bKendall/Hunt Pub. Co., _cc2007. |
||
| 300 |
_aviii, 111 p. : _bill. ; _c28 cm. |
||
| 504 | _aIncludes bibliographical references (p. [103]-105) and index. | ||
| 563 | _aPBK | ||
| 650 | 0 |
_aReflective learning. _96709 |
|
| 650 | 0 |
_aService learning. _96710 |
|
| 650 | 0 |
_aCritical thinking. _94086 |
|
| 650 | 0 |
_aThought and thinking. _96711 |
|
| 906 |
_a7 _bcbc _ccopycat _d2 _encip _f20 _gy-gencatlg |
||
| 942 |
_2ddc _cBK |
||
| 999 |
_c589724 _d589724 |
||